La enseñanza de la ortografía en la escuela primaria / (Record no. 3563)

000 -CABECERA
fixed length control field 00908nam a22002297a 4500
003 - IDENTIFICADOR DEL NÚMERO DE CONTROL
control field AR-CdUCM
008 - DATOS DE LONGITUD FIJA--INFORMACIÓN GENERAL
fixed length control field 190306b ||||| |||| 00| 0 spa d
040 ## - FUENTE DE LA CATALOGACIÓN
Agencia/entidad que catalogó originalmente la obra MUNICIPALIDAD PROVINCIAL DEL CUSCO
Entidad que transcribió la catalogación BIBLIOTECA MUNICIPAL DEL CUSCO
082 ## - NÚMERO DE LA CLASIFICACIÓN DECIMAL DEWEY
No. de Clasificación 373.35 /
Notacion interna G84
100 ## - ENTRADA PRINCIPAL--NOMBRE DE PERSONA
Nombre Personal Guarderas, Bolivar
245 ## - MENCIÓN DE TÍTULO
Título La enseñanza de la ortografía en la escuela primaria /
260 ## - PUBLICACIÓN, DISTRIBUCIÓN, ETC.
Lugar de publicación, distribución, etc. Mexico
Nombre de la editorial, distribuidor, etc. Luis Fernandez G. editor,
Fecha de publicación, distribución, etc. 1957.
300 ## - DESCRIPCIÓN FÍSICA
Nº de Páginas Extensión 220 páginas ;
Dimensiones 17 cm.
440 ## - MENCIÓN DE SERIE/PUNTO DE ACCESO ADICIONAL--TÍTULO
Título Ensayos pedagógicos ;
Número de la parte/sección de una obra 19
9 (RLIN) 11664
505 ## - NOTA DE CONTENIDO CON FORMATO
Nota de contenido formateada Contenido: La ortografía como parte de la gramática -- sentido de la enseñanza de la ortografía en la escuela -- Importancia y fines de la enseñanza de la ortografía ...
650 ## - PUNTO DE ACCESO ADICIONAL DE MATERIA--TÉRMINO DE MATERIA
Descriptor Lengua española
9 (RLIN) 1124
650 ## - PUNTO DE ACCESO ADICIONAL DE MATERIA--TÉRMINO DE MATERIA
Descriptor La ortografía en la escuela primaria
9 (RLIN) 11665
650 ## - PUNTO DE ACCESO ADICIONAL DE MATERIA--TÉRMINO DE MATERIA
Descriptor Enseñanza
9 (RLIN) 1616
650 ## - PUNTO DE ACCESO ADICIONAL DE MATERIA--TÉRMINO DE MATERIA
Descriptor Estudio
9 (RLIN) 4228
942 ## - ELEMENTOS DE PUNTO DE ACCESO ADICIONAL (KOHA)
Fuente de clasificación
Tipo de item Libros-BMC
945 ## - PROCESAMIENTO DE INFORMACIÓN LOCAL (OCLC)
Catalogador cmm
Holdings
Estado de retiro (separado) Fuente de clasificación o esquema de estanterías Estado dañado Ubicación Sala donde se ubica Nombre de la colección Fecha de adquisición o compra Costo, precio normal en soles Signatura topográfica Código de Barras Última vez visto (Koha) Tipo de ítem (Koha)
No     Sala Humanidades Sala Humanidades Book Cart 2019-03-06 15.00 373.35 / G84 SH0000002953 2019-03-06 Libros-BMC
No     Sala Humanidades Sala Humanidades Book Cart 2019-05-08 20.00 373.35 / G84 / e.2 SH0000012460 2019-05-08 Libros-BMC

Powered by Koha